[Event "MTO"]
[Site "Biel SUI"]
[Date "2010.07.24"]
[Round "6"]
[White "Feller,S"]
[Black "Hauchard,A"]
[Result "1-0"]
[WhiteElo "2611"]
[BlackElo "2526"]
[EventDate "2010.07.19"]

1. d4 d6 2. Nf3 g6 3. e4 Bg7 4. Bc4 Nf6 5. Qe2 O-O 6. O-O Bg4 7. Nbd2 Nc6
8. c3 e5 9. h3 Bd7 10. Rd1 exd4 11. cxd4 d5 12. exd5 Re8 13. Qf1 Nb4 14.
Nb3 Bf5 15. Bg5 Be4 16. Ne5 Bxd5 17. a3 Nc6 18. Nxc6 Bxc6 19. d5 Ba4 20. d6
cxd6 21. Bxf7+ Kxf7 22. Qc4+ d5 23. Qxa4 Qb6 24. Nd4 Rac8 25. Qb5 Qxb5 26.
Nxb5 Ne4 27. Be3 a6 28. Nd4 Nd6 29. b3 Bxd4 30. Bxd4 Nf5 31. Ba7 Ke6 32.
Rd3 Red8 33. Re1+ Kf7 34. g4 Nd6 35. Bb6 Re8 36. Rxe8 Nxe8 37. Rxd5 Rc3 38.
Rd7+ Ke6 39. Rxh7 Rxb3 40. Bc5 Nf6 41. Re7+ Kd5 42. Be3 b5 43. Rg7 Rxa3 44.
Rxg6 Ke5 45. Bh6 Nd5 46. h4 Nf4 47. Rg8 Ke4 48. Bxf4 Kxf4 49. h5 b4 50. Kg2
b3 51. h6 b2 52. Rb8 1-0

[Event "MTO"]
[Site "Biel SUI"]
[Date "2010.07.24"]
[Round "6"]
[White "Pelletier,Y"]
[Black "Mensch,E"]
[Result "1-0"]
[WhiteElo "2589"]
[BlackElo "2366"]
[EventDate "2010.07.19"]

1. Nf3 Nf6 2. c4 g6 3. Nc3 Bg7 4. d4 c5 5. e4 cxd4 6. Nxd4 d6 7. Be2 Nc6 8.
Be3 Nxd4 9. Bxd4 O-O 10. O-O Bd7 11. Qd3 a5 12. b3 Bc6 13. a3 Nd7 14. Bxg7
Kxg7 15. b4 f6 16. Qe3 b6 17. Nd5 g5 18. Qd4 Kh8 19. Rfd1 Rb8 20. Rab1 Ne5
21. bxa5 Bxd5 22. Qxd5 bxa5 23. c5 Rxb1 24. Rxb1 dxc5 25. Qxc5 Qd2 26. Bf1
Ng6 27. Rb5 Rd8 28. Qc7 Qd1 29. Rb1 Qd2 30. Rb2 Qd4 31. Qxa5 Rc8 32. Qb4
Qe5 33. a4 Kg7 34. a5 Rc1 35. a6 Nf4 36. Qd2 Nd3 37. Rc2 Rxf1+ 38. Kxf1
Qa1+ 39. Ke2 Nf4+ 40. Kf3 Qxa6 41. g3 Ng6 42. Kg2 Qe6 43. Qe2 h5 44. h3 g4
45. hxg4 hxg4 46. Qc4 Qd6 47. Qd5 Qa3 48. Rc8 Qf3+ 49. Kg1 Kh6 50. Rg8 e6
51. Qb7 Kg5 52. Qh7 Qxe4 53. Qh4+ Kf5 54. Qh5+ 1-0

[Event "MTO"]
[Site "Biel SUI"]
[Date "2010.07.24"]
[Round "6"]
[White "Gleizerov,E"]
[Black "Kolbus,D"]
[Result "1/2-1/2"]
[WhiteElo "2573"]
[BlackElo "2343"]
[EventDate "2010.07.19"]

1. Nf3 Nf6 2. c4 c6 3. d4 d5 4. Nc3 e6 5. g3 Be7 6. Bg2 Ne4 7. Qc2 Nxc3 8.
Qxc3 O-O 9. O-O b6 10. Ne5 Bb7 11. e4 dxc4 12. Nxc4 c5 13. Be3 Nc6 14. d5
exd5 15. exd5 Nb4 16. Rfd1 Bf6 17. Qb3 Qd7 18. Rd2 Rad8 19. Rad1 Rfe8 20.
a3 Na6 21. h4 h6 22. Kh2 Bc8 23. Bf4 g5 24. hxg5 hxg5 25. Be3 Kg7 26. Kg1
Bb7 27. Qd3 Qg4 28. Qe2 Qxe2 29. Rxe2 Nc7 30. Red2 Nb5 31. d6 Bxg2 32. Kxg2
Re4 33. b3 Kg6 34. a4 Nd4 35. f3 Re6 36. Rd3 Nc6 37. Bf2 Rd7 38. g4 Ne5 39.
Nxe5+ Bxe5 40. Bg3 Bxg3 41. Kxg3 Re5 42. f4 gxf4+ 43. Kxf4 f6 44. Rd5 Re2
45. R1d2 Re1 46. Rd1 Re2 47. R1d2 1/2-1/2

[Event "MTO"]
[Site "Biel SUI"]
[Date "2010.07.24"]
[Round "6"]
[White "Ootes,La"]
[Black "Pavlovic,Milos"]
[Result "0-1"]
[WhiteElo "2315"]
[BlackElo "2534"]
[EventDate "2010.07.19"]

1. e4 c6 2. d4 d5 3. exd5 cxd5 4. c4 Nf6 5. Nc3 Nc6 6. Nf3 Be6 7. c5 a6 8.
h3 g6 9. Bd3 Bg7 10. Bc2 O-O 11. O-O b6 12. Ba4 Na5 13. b4 Nc4 14. Bc2 a5
15. Na4 axb4 16. cxb6 Ne4 17. Qe1 Qd6 18. b7 Ra7 19. Rb1 Rxb7 20. Bd3 Bf5
21. Qe2 Ra8 22. Nc5 Nxc5 23. Bxf5 Na4 0-1

[Event "MTO"]
[Site "Biel SUI"]
[Date "2010.07.24"]
[Round "6"]
[White "Kamber,B"]
[Black "Nedilko,V"]
[Result "1-0"]
[WhiteElo "2302"]
[BlackElo "2408"]
[EventDate "2010.07.19"]

1. e4 c5 2. Nf3 d6 3. d4 cxd4 4. Nxd4 Nf6 5. Nc3 a6 6. Qf3 g6 7. h3 Bg7 8.
Be3 Bd7 9. g4 Nc6 10. O-O-O Rc8 11. Nxc6 Rxc6 12. Nd5 O-O 13. Kb1 Re8 14.
Bd3 Be6 15. c4 Nd7 16. Qe2 Nc5 17. f4 Na4 18. e5 Qc8 19. Bd4 Nc5 20. Bc2 b5
21. cxb5 Bxd5 22. bxc6 Bxh1 23. Rxh1 Qxc6 24. Rc1 Ne6 25. Be3 Qb7 26. Bd3
dxe5 27. fxe5 a5 28. Bd2 a4 29. Bc4 Rd8 30. Bc3 Nf4 31. Qf1 Nd5 32. Bd4 e6
33. Qf3 Qb8 34. Rf1 Rd7 35. Bxd5 exd5 36. Qe3 Re7 37. Re1 Re6 38. Qc3 Qe8
39. Qc7 f6 40. Qb7 Qd8 41. Rc1 Re8 42. Rc7 Bf8 43. exf6 Re1+ 1-0

[Event "MTO"]
[Site "Biel SUI"]
[Date "2010.07.24"]
[Round "6"]
[White "Donchenko,An"]
[Black "Rasch,H"]
[Result "1/2-1/2"]
[WhiteElo "2378"]
[BlackElo "2264"]
[EventDate "2010.07.19"]

1. d4 Nf6 2. Nf3 c5 3. dxc5 e6 4. c4 Bxc5 5. e3 O-O 6. a3 d5 7. b4 Be7 8.
Bb2 dxc4 9. Bxc4 Qxd1+ 10. Kxd1 a6 11. Ke2 b5 12. Bd3 Bb7 13. Rc1 Nc6 14.
Nbd2 Rac8 15. Nb3 Nd7 16. Rc2 Ncb8 17. Na5 Rxc2+ 18. Bxc2 Ba8 19. Rc1 Nb6
20. Bd4 N8d7 21. Bb1 Rc8 22. Rxc8+ Nxc8 23. g3 g6 24. Ne5 Nxe5 25. Bxe5 Nd6
26. f3 Kf8 27. Bd4 Ke8 28. e4 Kd7 29. Bd3 Nb7 30. Nb3 Kc8 31. e5 Kc7 32.
Be4 Kb8 33. Kd3 Nd8 34. Bxa8 Kxa8 35. Bc5 Nc6 36. Bxe7 Nxe7 37. Nc5 Ka7 38.
Ne4 Nc6 39. f4 h5 40. Ng5 Nd8 41. h3 Kb6 42. Ke4 a5 43. Kd3 axb4 44. axb4
Kc6 45. Kd4 Kb6 46. g4 hxg4 47. hxg4 Kc6 48. Ke4 Kd7 49. Kd4 Kc6 50. Ne4
Nb7 51. Nf6 Nd8 52. Ne8 Kd7 53. Nd6 Kc6 54. Ke4 f6 55. Kd4 f5 56. g5 Kb6
57. Nc8+ Kc7 58. Ne7 Nc6+ 59. Nxc6 Kxc6 60. Kc3 1/2-1/2

[Event "MTO"]
[Site "Biel SUI"]
[Date "2010.07.24"]
[Round "6"]
[White "Wyss,J"]
[Black "Kaplan,S"]
[Result "0-1"]
[WhiteElo "2258"]
[BlackElo "2422"]
[EventDate "2010.07.19"]

1. d4 Nf6 2. c4 c5 3. d5 e6 4. Nc3 exd5 5. cxd5 d6 6. g3 g6 7. Bg2 Bg7 8.
Nf3 O-O 9. O-O Nbd7 10. a4 Qe7 11. Re1 Nh5 12. e4 a6 13. Nd2 Ne5 14. Bf1 f5
15. f4 Ng4 16. e5 dxe5 17. h3 Nxg3 18. hxg4 fxg4 19. Bg2 Qh4 20. fxe5 Nh5
21. Nf1 Qf2+ 22. Kh1 Qh4+ 23. Kg1 g3 24. Re4 Rxf1+ 25. Kxf1 Qh2 26. Qf3 Bf5
27. Be3 Rf8 28. Bg1 Bxe4 29. Qxf8+ Kxf8 30. Bxh2 Bd3+ 31. Ke1 gxh2 32. Rd1
Nf4 33. Bh1 Bxe5 34. Kf2 Ke7 35. Ke3 c4 36. Ne4 Nxd5+ 37. Kf3 Bxb2 38. Nc5
Nc3 39. Re1+ Kd6 40. Nxb7+ Kc7 41. Re7+ Kb6 42. a5+ Kb5 43. Kf2 Nd1+ 44.
Ke1 c3 45. Re5+ Kb4 46. Nc5 Bc4 0-1

[Event "MTO"]
[Site "Biel SUI"]
[Date "2010.07.24"]
[Round "6"]
[White "De Filomeno,S"]
[Black "Onoprienko,V"]
[Result "1-0"]
[WhiteElo "2250"]
[BlackElo "2343"]
[EventDate "2010.07.19"]

1. e4 c5 2. Nf3 g6 3. c3 Bg7 4. d4 Qa5 5. Nbd2 d6 6. Bc4 Nc6 7. O-O cxd4 8.
cxd4 Nf6 9. Re1 O-O 10. h3 d5 11. exd5 Nxd5 12. Ne4 Rd8 13. Bg5 h6 14. Bh4
Be6 15. Nc5 Bc8 16. Rc1 g5 17. Bxg5 hxg5 18. Nxg5 e6 19. Nxf7 Kxf7 20. Qh5+
Kg8 21. Nxe6 Bxe6 22. Rxe6 Qc7 23. Bxd5 Rxd5 24. Qxd5 Qf7 25. Rd6 Qxd5 26.
Rxd5 Re8 27. Kf1 Re7 28. Rc4 Kf7 29. Rd6 Ke8 30. d5 Nd4 31. b3 b5 32. Rc8+
Kf7 33. Ra6 Nf5 34. g4 Nh4 35. d6 Rd7 36. Rc7 1-0

[Event "MTO"]
[Site "Biel SUI"]
[Date "2010.07.24"]
[Round "6"]
[White "Domont,A"]
[Black "Nabavi,P"]
[Result "1-0"]
[WhiteElo "2328"]
[BlackElo "2208"]
[EventDate "2010.07.19"]

1. e4 e5 2. f4 d6 3. Nf3 Nc6 4. Bc4 Be7 5. d3 Nf6 6. Nc3 O-O 7. a3 Bg4 8.
h3 Bxf3 9. Qxf3 exf4 10. Bxf4 Ne5 11. Bxe5 dxe5 12. O-O Bc5+ 13. Kh1 Qe7
14. Ne2 Ne8 15. Qh5 Be3 16. Qf3 Bh6 17. Ng3 g6 18. Rf2 Nd6 19. Bb3 Qg5 20.
Nf1 Kg7 21. Re1 Qf4 22. Qe2 Qh4 23. Kh2 Rae8 24. g3 Qe7 25. Ba4 Rc8 26. Ne3
Bxe3 27. Qxe3 c5 28. Bb3 a5 29. Bd5 b6 30. Ref1 f6 31. b4 axb4 32. axb4 Rc7
33. Ra1 Ra7 34. Rff1 Rc8 35. bxc5 bxc5 36. h4 Rcc7 37. Rxa7 Rxa7 38. Qxc5
Rc7 39. Qf2 Nb5 40. Bc4 Na3 41. Bb3 Rc3 42. g4 Nb5 43. g5 fxg5 44. hxg5 h5
45. Qg3 Nd4 46. Rf7+ Qxf7 47. Bxf7 Rxc2+ 48. Kh3 Kxf7 49. Qxe5 1-0

[Event "MTO"]
[Site "Biel SUI"]
[Date "2010.07.24"]
[Round "6"]
[White "Grandadam,N"]
[Black "Misiano,F"]
[Result "1/2-1/2"]
[WhiteElo "2249"]
[BlackElo "2316"]
[EventDate "2010.07.19"]

1. Nf3 d5 2. d4 Nf6 3. c4 c6 4. Nc3 e6 5. g3 Be7 6. Bg2 O-O 7. O-O Nbd7 8.
Qd3 b6 9. Rd1 Bb7 10. e4 dxe4 11. Nxe4 c5 12. Nfg5 Nxe4 13. Nxe4 cxd4 14.
Qxd4 Nc5 15. Nxc5 Qxd4 1/2-1/2

[Event "MTO"]
[Site "Biel SUI"]
[Date "2010.07.26"]
[Round "7"]
[White "Riazantsev,A"]
[Black "Kosintseva,N"]
[Result "1/2-1/2"]
[WhiteElo "2682"]
[BlackElo "2551"]
[EventDate "2010.07.19"]

1. d4 Nf6 2. c4 e6 3. Nf3 d5 4. Nc3 Bb4 5. cxd5 exd5 6. Bg5 Nbd7 7. e3 c5
8. dxc5 Qa5 9. Nd2 Bxc3 10. bxc3 O-O 11. Qb3 Qxc5 12. Qb4 Ne4 13. Be7 Qxb4
14. Bxb4 Re8 15. Nxe4 dxe4 16. O-O-O a6 17. h3 Ne5 18. Bd6 Nc6 19. c4 Be6
20. Kb2 b6 21. Be2 Rec8 22. c5 bxc5 23. Bxc5 Rab8+ 24. Ka1 Nb4 25. Bxb4
Rxb4 26. Rc1 Rcb8 27. Rb1 a5 28. Rhc1 Rxb1+ 29. Rxb1 Rxb1+ 30. Kxb1 Kf8 31.
a3 Ke7 32. Kc2 Kd6 33. Kc3 Kc5 34. h4 h6 35. Ba6 g5 36. hxg5 hxg5 37. Bb7
Bd5 38. Bc8 1/2-1/2

[Event "MTO"]
[Site "Biel SUI"]
[Date "2010.07.26"]
[Round "7"]
[White "Feller,S"]
[Black "Kritz,L"]
[Result "1-0"]
[WhiteElo "2611"]
[BlackElo "2618"]
[EventDate "2010.07.19"]

1. d4 Nf6 2. c4 g6 3. Nc3 d5 4. Qb3 dxc4 5. Qxc4 Bg7 6. e4 O-O 7. Be2 Nc6
8. Nf3 Bg4 9. d5 Na5 10. Qa4 Bxf3 11. Bxf3 c6 12. O-O b5 13. Qd1 b4 14. Na4
cxd5 15. exd5 Rc8 16. Re1 Nc4 17. Bf4 Qd7 18. Rc1 Qf5 19. g3 g5 20. b3 Nb2
21. Nxb2 gxf4 22. Rxc8 Rxc8 23. Nc4 fxg3 24. hxg3 Rc7 25. Kg2 Qd7 26. Qd2
Qb5 27. Re5 Qb8 28. d6 exd6 29. Qxd6 Rc8 30. Qxb8 Rxb8 31. Re7 Bf8 32. Rxa7
Bc5 33. Ra6 Kg7 34. Nd6 Rb6 35. Nf5+ Kg6 36. Nh4+ Kg7 37. Nf5+ Kg6 38. Nh4+
Kg7 39. Ra5 Bf8 40. Nf5+ Kg6 41. Ne3 Re6 42. Nc4 h6 43. Ne5+ Kg7 44. Rb5
Ra6 45. Rb7 Kg8 46. Be2 Re6 47. f4 Re7 48. Rxe7 Bxe7 49. Bc4 Ne4 50. Nxf7
Kg7 51. Ne5 Nc3 52. Nc6 Bc5 53. Nd8 Kf6 54. Kh3 Nxa2 55. Kh4 Nc3 56. Kh5
Ne4 57. g4 Be3 58. Ne6 Nd6 59. Bd5 Nf7 60. Kh4 Bf2+ 61. Kh3 Be3 62. Kg3 Nd6
63. Kf3 Bc1 64. Nf8 Nb5 65. Bc4 Nd6 66. Nd7+ 1-0

[Event "MTO"]
[Site "Biel SUI"]
[Date "2010.07.26"]
[Round "7"]
[White "Bauer,Ch"]
[Black "Ulibin,M"]
[Result "1-0"]
[WhiteElo "2612"]
[BlackElo "2540"]
[EventDate "2010.07.19"]

1. Nf3 c5 2. e4 d6 3. d4 cxd4 4. Nxd4 Nf6 5. Nc3 e6 6. Be3 Be7 7. f3 Nc6 8.
Qd2 O-O 9. g4 d5 10. g5 Nh5 11. exd5 Nxd4 12. Qxd4 Bxg5 13. O-O-O Qf6 14.
Qd2 Bxe3 15. Qxe3 Qf4 16. Qxf4 Nxf4 17. Bc4 e5 18. Rhe1 f6 19. b4 Rd8 20.
Bb3 b5 21. Nxb5 Bf5 22. Re3 a5 23. a3 Kf8 24. c4 axb4 25. axb4 Bd7 26. Nc3
Rdc8 27. Kb2 Ke7 28. Re4 Bf5 29. d6+ Kd7 30. Rxf4 exf4 31. Nd5 Rcb8 32.
Nxf4 Ra7 33. Nd5 Be6 34. Nc3 Ke8 35. Nb5 Rd7 36. Nc7+ Rxc7 37. dxc7 Rc8 38.
Rd6 Ke7 39. Rb6 Rxc7 40. c5 Bd7 41. Bd5 g5 42. Kc3 h5 43. Kd4 g4 44. c6 Bc8
45. Rb7 Kd6 46. Rxc7 Kxc7 47. Kc5 1-0

[Event "MTO"]
[Site "Biel SUI"]
[Date "2010.07.26"]
[Round "7"]
[White "Pavlovic,Milos"]
[Black "Roiz,M"]
[Result "1/2-1/2"]
[WhiteElo "2534"]
[BlackElo "2645"]
[EventDate "2010.07.19"]

1. e4 c6 2. d4 d5 3. Nd2 dxe4 4. Nxe4 Bf5 5. Ng3 Bg6 6. h4 h6 7. Nf3 Nd7 8.
h5 Bh7 9. Bd3 Bxd3 10. Qxd3 e6 11. Bd2 Ngf6 12. O-O-O Be7 13. Rhe1 O-O 14.
Qe2 a5 15. Ne5 Bb4 1/2-1/2

[Event "MTO"]
[Site "Biel SUI"]
[Date "2010.07.26"]
[Round "7"]
[White "Mikhalevski,V"]
[Black "Pelletier,Y"]
[Result "1/2-1/2"]
[WhiteElo "2610"]
[BlackElo "2589"]
[EventDate "2010.07.19"]

1. d4 Nf6 2. c4 e6 3. g3 d5 4. Bg2 Bb4+ 5. Nd2 O-O 6. Qc2 b6 7. Nh3 Ba6 8.
b3 Nbd7 9. O-O c5 10. dxc5 Bxc5 11. Bb2 Rc8 12. Qd1 dxc4 13. Nxc4 Qe7 14.
a4 Bb4 15. Qc2 Rc7 16. Rfc1 Rfc8 17. Nf4 Nc5 18. Nd3 Nxd3 19. exd3 Bb7 20.
Bxb7 Rxb7 21. Qe2 Qd8 22. Rc2 Rbc7 23. Rac1 Bf8 24. Ne5 Rxc2 25. Rxc2 Rxc2
26. Qxc2 Nd5 27. Qc6 Nb4 28. Qb7 Qe7 29. Qc8 f6 30. Nd7 Nxd3 31. Nxf8 Qxf8
32. Qxe6+ Kh8 33. Ba3 Qd8 34. Bd6 h6 35. b4 Qa8 36. Qf5 Ne1 37. Kf1 Nf3 38.
b5 Nxh2+ 39. Ke2 Qe8+ 40. Kd3 Qd8 41. Qe6 Qa8 42. Qe4 Qg8 43. Ke3 Qa2 44.
Qe8+ Kh7 45. Qe4+ Kh8 46. Qe8+ Kh7 1/2-1/2

[Event "MTO"]
[Site "Biel SUI"]
[Date "2010.07.26"]
[Round "7"]
[White "Lysyj,I"]
[Black "Kamber,B"]
[Result "1-0"]
[WhiteElo "2631"]
[BlackElo "2302"]
[EventDate "2010.07.19"]

1. d4 g6 2. c4 Bg7 3. Nf3 d6 4. Nc3 Nf6 5. e4 O-O 6. h3 c5 7. d5 b5 8. cxb5
a6 9. a4 axb5 10. Bxb5 Ba6 11. Be3 Ne8 12. O-O Nc7 13. Qd2 Bxb5 14. axb5
Nd7 15. Bh6 Rb8 16. Bxg7 Kxg7 17. Ra5 Nb6 18. b3 Qd7 19. Rfa1 Nc8 20. b4
Nxb5 21. bxc5 dxc5 22. Ne5 Qc7 23. Nc6 Ncd6 24. Nxb8 Rxb8 25. Nxb5 Nxb5 26.
Rb1 Nd4 27. Rxb8 Qxb8 28. Rxc5 Qb1+ 29. Kh2 Qxe4 30. Qe3 Qh4 31. g4 Qf6 32.
f4 g5 33. Rc4 e5 34. fxe5 Nf3+ 35. Kg3 Nxe5 36. Re4 Qd6 37. Qxg5+ Ng6+ 38.
Kg2 h6 39. Qd2 Nh4+ 40. Kf1 Qg3 41. Re3 Qf4+ 42. Qf2 Qc4+ 43. Kg1 Qc1+ 44.
Kh2 Qc7+ 45. Kh1 Ng6 46. Qd2 Qf4 47. Qc3+ Kh7 48. Rf3 Qe4 49. Qd3 Qe1+ 50.
Rf1 Qe8 51. d6 Qc6+ 52. Qf3 Qxd6 53. Qxf7+ 1-0

[Event "MTO"]
[Site "Biel SUI"]
[Date "2010.07.26"]
[Round "7"]
[White "Golod,V"]
[Black "Mensch,E"]
[Result "1-0"]
[WhiteElo "2585"]
[BlackElo "2366"]
[EventDate "2010.07.19"]

1. d4 Nf6 2. Nf3 g6 3. c4 c5 4. Nc3 Bg7 5. e4 cxd4 6. Nxd4 d6 7. Be2 Nc6 8.
Be3 O-O 9. O-O Nxd4 10. Bxd4 Be6 11. f4 Qc8 12. b3 Bg4 13. e5 Bxe2 14. Qxe2
Nd7 15. Rad1 Re8 16. exd6 exd6 17. Qf2 Nf6 18. h3 b6 19. f5 g5 20. Qg3 h6
21. Bxf6 Bxf6 22. Nd5 Qd8 23. h4 Re5 24. Ne3 h5 25. hxg5 Bxg5 26. f6 Kf8
27. Nf5 Qxf6 28. Rxd6 Qxf5 29. Rxf5 Rxf5 30. Rd5 Bf4 31. Qd3 Rf6 32. Rxh5
Re6 33. Rh8+ 1-0

[Event "MTO"]
[Site "Biel SUI"]
[Date "2010.07.26"]
[Round "7"]
[White "Rasch,H"]
[Black "Gleizerov,E"]
[Result "0-1"]
[WhiteElo "2264"]
[BlackElo "2573"]
[EventDate "2010.07.19"]

1. e4 e6 2. d4 d5 3. e5 c5 4. c3 Nc6 5. Nf3 Bd7 6. a3 Nge7 7. b4 cxd4 8.
cxd4 Nf5 9. Bb2 b5 10. g4 Nh4 11. Nbd2 Nxf3+ 12. Nxf3 Qb6 13. Bc3 a5 14.
Rb1 axb4 15. axb4 Be7 16. Bd3 O-O 17. O-O Ra3 18. Qd2 Rc8 19. Rfc1 g6 20.
Be2 Rca8 21. Kg2 Ra2 22. Rc2 Rxc2 23. Qxc2 Qc7 24. Qd2 Na7 25. Ne1 Nc8 26.
Nd3 Nb6 27. Nc5 Nc4 28. Qc1 Bc6 29. Kg3 Ra2 30. Bd3 Qd8 31. f4 Bh4+ 32. Kh3
Bf2 33. g5 Be3 34. Qf1 Rf2 0-1

[Event "MTO"]
[Site "Biel SUI"]
[Date "2010.07.26"]
[Round "7"]
[White "Maze,S"]
[Black "Domont,A"]
[Result "1-0"]
[WhiteElo "2573"]
[BlackElo "2328"]
[EventDate "2010.07.19"]

1. d4 d5 2. c4 c6 3. Nc3 Nf6 4. Nf3 dxc4 5. a4 e6 6. g3 Bb4 7. Bg2 Nbd7 8.
O-O O-O 9. Qc2 Qe7 10. Bf4 Nd5 11. Bg5 f6 12. Bd2 b5 13. axb5 Bxc3 14. bxc3
cxb5 15. Rfb1 a6 16. Bc1 Bb7 17. Ba3 Qf7 18. Bxf8 Qxf8 19. Nd2 Bc6 20. e4
N5b6 21. Nf1 e5 22. Ne3 Ra7 23. d5 Ba8 24. Rxb5 axb5 25. Rxa7 Nc5 1-0

[Event "MTO"]
[Site "Biel SUI"]
[Date "2010.07.26"]
[Round "7"]
[White "Hauchard,A"]
[Black "Klauser,M"]
[Result "1-0"]
[WhiteElo "2526"]
[BlackElo "2362"]
[EventDate "2010.07.19"]

1. Nf3 Nf6 2. c4 b6 3. Nc3 Bb7 4. g3 c5 5. Bg2 e6 6. O-O d6 7. d3 Be7 8. e4
Nbd7 9. Nh4 Ne5 10. f4 Nc6 11. Kh1 Nd4 12. Be3 Nd7 13. Nf3 Nxf3 14. Qxf3 a6
15. g4 h6 16. d4 cxd4 17. Bxd4 O-O 18. Rad1 Qc7 19. b3 Rac8 20. Qe2 e5 21.
fxe5 dxe5 22. Nd5 Qd6 23. Bf2 Qe6 24. Qf3 Nf6 25. Bg3 b5 26. cxb5 axb5 27.
Rd2 Nxd5 28. exd5 Qd6 29. Qf5 Bg5 30. Bxe5 Qb4 31. Rd4 Qc5 32. b4 Qc2 33.
Be4 g6 34. Bxc2 gxf5 35. Bxf5 Rc3 1-0

[Event "MTO"]
[Site "Biel SUI"]
[Date "2010.07.26"]
[Round "7"]
[White "Kolbus,D"]
[Black "Cebalo,M"]
[Result "0-1"]
[WhiteElo "2343"]
[BlackElo "2500"]
[EventDate "2010.07.19"]

1. Nf3 c5 2. c4 Nc6 3. d4 cxd4 4. Nxd4 e5 5. Nxc6 bxc6 6. g3 Nf6 7. Bg2
Bb4+ 8. Nd2 a5 9. O-O O-O 10. Ne4 Nxe4 11. Bxe4 f5 12. Bg2 Bc5 13. Qc2 Qe7
14. Bd2 Ra6 15. Bc3 d6 16. Qa4 f4 17. Rad1 Bg4 18. Bxc6 Bxe2 19. Bd5+ Kh8
20. Qc2 f3 21. Qe4 Qg5 22. Be6 Qh6 23. Qg4 Bxd1 24. Rxd1 Bxf2+ 25. Kh1 Bxg3
26. Qxg3 Qxe6 27. c5 f2 0-1

[Event "MTO"]
[Site "Biel SUI"]
[Date "2010.07.26"]
[Round "7"]
[White "Al Sayed,Mohammed"]
[Black "De Filomeno,S"]
[Result "1-0"]
[WhiteElo "2498"]
[BlackElo "2250"]
[EventDate "2010.07.19"]

1. d4 d5 2. c4 e6 3. Nc3 c6 4. e4 dxe4 5. Nxe4 Bb4+ 6. Nc3 Nf6 7. Nf3 c5 8.
a3 Bxc3+ 9. bxc3 Qa5 10. Bd2 Ne4 11. Bd3 Nxd2 12. Qxd2 cxd4 13. cxd4 Nc6
14. Rb1 O-O 15. Be4 f6 16. Rb5 Qxa3 17. O-O a5 18. Rfb1 a4 19. d5 f5 20.
dxc6 fxe4 21. cxb7 Bxb7 22. Rxb7 exf3 23. Qd4 Rf6 24. c5 Kh8 25. Ra7 Rc8
26. Rxa4 e5 27. Qe4 Rf4 28. Qxf4 Qd3 29. Qe4 1-0

[Event "MTO"]
[Site "Biel SUI"]
[Date "2010.07.26"]
[Round "7"]
[White "Eichhorn,An"]
[Black "Bok,B"]
[Result "1/2-1/2"]
[WhiteElo "2294"]
[BlackElo "2449"]
[EventDate "2010.07.19"]

1. Nf3 Nf6 2. c4 g6 3. g3 Bg7 4. Bg2 O-O 5. O-O c6 6. d4 d5 7. cxd5 cxd5 8.
Ne5 Nc6 9. Nc3 e6 10. f4 Ne8 11. Be3 Nd6 12. Bf2 f6 13. Nxc6 bxc6 14. e4 f5
15. exd5 cxd5 16. Nxd5 Rb8 17. Nc3 Rxb2 18. Rb1 Rxb1 19. Qxb1 Qd7 20. Qb3
Ba6 21. Re1 Bc4 22. Qb4 Rc8 23. d5 Bxc3 24. Qxc3 Bxd5 25. Bxd5 exd5 26. Qe5
Nf7 27. Qf6 Re8 28. Rxe8+ Qxe8 29. Bd4 Qe1+ 30. Kg2 Qe2+ 31. Kg1 Qe1+ 32.
Kg2 Qe2+ 33. Kg1 Qe1+ 1/2-1/2

[Event "MTO"]
[Site "Biel SUI"]
[Date "2010.07.26"]
[Round "7"]
[White "Kaplan,S"]
[Black "Meier,V"]
[Result "1-0"]
[WhiteElo "2422"]
[BlackElo "2304"]
[EventDate "2010.07.19"]

1. e4 c5 2. Nf3 e6 3. d4 cxd4 4. Nxd4 a6 5. Nc3 Qc7 6. Bd3 Nc6 7. Nxc6 dxc6
8. O-O Nf6 9. f4 e5 10. Kh1 Bc5 11. Qf3 h5 12. fxe5 Ng4 13. Bf4 Be6 14. Nd5
Qd8 15. Bc4 cxd5 16. exd5 Bf5 17. d6 Qd7 18. Bd5 Rb8 19. Rae1 Be6 20. Bg5
Kf8 21. b4 Bb6 22. c4 Bd4 23. Rd1 Nxe5 24. Qe4 Bxd5 25. Qxd5 Bc3 26. Rc1
Bxb4 27. Qxe5 Bxd6 28. Qd5 Qc7 29. Rxf7+ Qxf7 30. Qxd6+ Kg8 31. Qxb8+ Kh7
32. Qf4 Qe6 33. h3 Re8 34. Rd1 Qe2 35. Rd7 Qxa2 36. Qf5+ Kh8 37. Bf4 Qa1+
38. Kh2 1-0

[Event "MTO"]
[Site "Biel SUI"]
[Date "2010.07.26"]
[Round "7"]
[White "Grandadam,N"]
[Black "Nezad,H"]
[Result "0-1"]
[WhiteElo "2249"]
[BlackElo "2398"]
[EventDate "2010.07.19"]

1. Nf3 d5 2. d4 e6 3. c4 c6 4. Nc3 dxc4 5. e3 b5 6. a4 Bb4 7. Bd2 a5 8.
axb5 Bxc3 9. Bxc3 cxb5 10. b3 Bb7 11. bxc4 b4 12. Bb2 Nf6 13. Bd3 Nbd7 14.
O-O O-O 15. Nd2 Qc7 16. f4 a4 17. Rb1 Rfd8 18. Qe2 b3 19. Bc3 Qd6 20. e4 e5
21. d5 exf4 22. Nf3 Re8 23. Bd4 Ng4 24. Rfc1 Rac8 25. Ra1 Nc5 26. e5 Nxd3
27. Qxd3 Qb4 28. Ng5 g6 29. e6 f6 30. Ne4 Bxd5 31. cxd5 b2 32. Bxb2 Qxb2
33. Rcb1 Qe5 34. Rxa4 Rcd8 35. Ra7 Rxe6 36. Nc3 Qe1+ 37. Rxe1 Rxe1+ 38. Qf1
Rxf1+ 39. Kxf1 Ne3+ 40. Kf2 Nxd5 41. Nxd5 Rxd5 42. Ra4 g5 43. Ra7 Rd8 44.
Kf3 Rf8 45. Kg4 Rf7 46. Ra5 Kg7 47. Kh5 Rb7 48. Ra2 Re7 49. Rb2 Rd7 50. Ra2
Kf7 51. h4 Rd5 52. Ra6 h6 53. Ra2 Ke6 54. Rb2 Kf5 55. Kxh6 gxh4 56. Kh5 h3
57. gxh3 f3 58. h4 Re5 59. Rf2 Kf4+ 60. Kg6 Kg3 61. Rf1 f2 62. h5 Rg5+ 63.
Kxf6 Rxh5 0-1

[Event "MTO"]
[Site "Biel SUI"]
[Date "2010.07.26"]
[Round "7"]
[White "Illijin,N"]
[Black "Donchenko,An"]
[Result "0-1"]
[WhiteElo "2225"]
[BlackElo "2378"]
[EventDate "2010.07.19"]

1. Nf3 Nf6 2. c4 e6 3. d4 d5 4. Nc3 dxc4 5. e3 c5 6. Bxc4 a6 7. O-O b5 8.
Be2 Bb7 9. dxc5 Bxc5 10. Qxd8+ Kxd8 11. Ne5 Ke7 12. Bf3 Bxf3 13. gxf3 Rc8
14. Rd1 Nc6 15. Nxc6+ Rxc6 16. Bd2 Rac8 17. Ne2 Nd5 18. Rac1 Ke8 19. Ba5
Nxe3 20. Re1 Nf5 21. b4 Bd6 22. Rcd1 Ke7 23. Rd3 Rc4 24. a3 R8c6 25. Red1
g6 26. Kg2 h5 27. Ng3 Nxg3 28. hxg3 Rc3 29. Bd8+ Kd7 30. Bf6 Rxd3 31. Rxd3
Kc7 32. f4 Rc2 33. Kf3 Kc6 34. Bd8 Bb8 35. Be7 Ba7 36. Rd6+ Kb7 37. Rd7+
Rc7 38. Rxc7+ Kxc7 0-1

[Event "MTO"]
[Site "Biel SUI"]
[Date "2010.07.26"]
[Round "7"]
[White "Partenheimer,A"]
[Black "Paikidze,N"]
[Result "1/2-1/2"]
[WhiteElo "2186"]
[BlackElo "2346"]
[EventDate "2010.07.19"]

1. Nf3 Nf6 2. c4 e6 3. g3 b6 4. Bg2 Bb7 5. O-O Be7 6. Nc3 c5 7. d4 cxd4 8.
Qxd4 d6 9. Bg5 a6 10. Bxf6 Bxf6 11. Qf4 Be7 12. Rfd1 O-O 13. Ne4 e5 14. Qe3
Qc7 15. Rac1 Nd7 16. Nc3 Nf6 17. Nd5 Nxd5 18. cxd5 Qd8 19. h4 Rb8 20. Qb3
Kh8 21. e4 g6 22. Ne1 f5 23. Nd3 a5 24. Qc4 Rc8 25. Qb5 Ra8 26. Qc4 Rc8 27.
Qb5 fxe4 28. Bxe4 Bxh4 29. Rxc8 Bxc8 30. gxh4 Qxh4 31. Re1 Bf5 32. Bxf5
gxf5 33. Nxe5 Rg8+ 34. Kf1 Qh3+ 35. Ke2 dxe5 36. d6 Qg4+ 37. Kf1 Qg2+ 38.
Ke2 Qe4+ 39. Kf1 Qh1+ 40. Ke2 Qh5+ 41. Kf1 Qh1+ 42. Ke2 Qe4+ 43. Kf1 Qg2+
44. Ke2 Qg7 45. Kf1 Qf6 46. Qxe5 Qxe5 47. Rxe5 Rd8 48. Rxf5 Rxd6 49. Rb5
Kg7 50. a4 Rd4 51. Rxb6 Rxa4 52. Ra6 Ra1+ 53. Kg2 1/2-1/2

[Event "MTO"]
[Site "Biel SUI"]
[Date "2010.07.26"]
[Round "7"]
[White "Misiano,F"]
[Black "Bozinovic,Bog"]
[Result "1-0"]
[WhiteElo "2316"]
[BlackElo "2232"]
[EventDate "2010.07.19"]

1. e4 c5 2. Nf3 d6 3. d4 cxd4 4. Nxd4 Nf6 5. Nc3 a6 6. Bg5 e6 7. f4 Be7 8.
Qf3 Qa5 9. O-O-O Bd7 10. Nb3 Qc7 11. e5 dxe5 12. fxe5 Qxe5 13. Bf4 Qf5 14.
Bd3 Qg4 15. Qf2 Bc6 16. Rhg1 Nh5 17. Bd2 Bg5 18. Be2 Bxd2+ 19. Rxd2 Qf4 20.
Bxh5 1-0

[Event "MTO"]
[Site "Biel SUI"]
[Date "2010.07.26"]
[Round "7"]
[White "Donchenko,Alexa"]
[Black "Ootes,La"]
[Result "0-1"]
[WhiteElo "2174"]
[BlackElo "2315"]
[EventDate "2010.07.19"]

1. d4 Nf6 2. Nf3 g6 3. c4 Bg7 4. g3 O-O 5. Bg2 d6 6. O-O Nbd7 7. Nc3 e5 8.
e4 c6 9. Be3 exd4 10. Nxd4 Ne5 11. b3 Nfg4 12. Bc1 Qf6 13. h3 Nf3+ 14. Nxf3
Qxc3 15. Rb1 Ne5 16. Nxe5 dxe5 17. Bd2 Qd4 18. Be3 Qd8 19. Bc5 Re8 20. Qxd8
Rxd8 21. Rfd1 Be6 22. Kf1 b6 23. Be7 Re8 24. Ba3 a5 25. Bc1 a4 26. Be3 b5
27. cxb5 cxb5 28. Kg1 Bf8 29. Bf1 b4 30. Kg2 Rec8 31. Rdc1 Rxc1 32. Bxc1
Rc8 33. Bb5 Rc2 34. Be3 a3 35. Ra1 Bc5 36. Bxc5 Rxc5 37. Bd3 Kf8 38. h4 Ke7
39. Kf3 Rc3 40. Ke2 Bg4+ 41. Kd2 Kd6 42. Rf1 Bf3 43. Re1 Bg4 44. Bc4 Kc5
45. Re3 Rxc4 46. bxc4 Be6 47. Re1 Bxc4 48. Rc1 Kd4 49. Rb1 b3 50. axb3 a2
51. Ra1 Bxb3 52. f3 f5 53. Re1 h5 54. Rf1 Bc4 55. Ra1 fxe4 56. fxe4 Kxe4
57. Kc3 Be6 58. Rf1 Ke3 59. Kb2 e4 60. Rf8 Ke2 61. Re8 Bf5 62. Kxa2 e3 63.
Kb3 Kd2 64. Kc4 e2 65. Rd8+ Ke3 0-1